| 000 | 00591nam a2200229Ia 4500 | ||
|---|---|---|---|
| 008 | 180523s9999 xx 000 0 und d | ||
| 020 | _a978-981-0697-37-2 | ||
| 050 | _aMAIN HM 586 | ||
| 050 | _b.M33 2010 | ||
| 100 | _aMacionis, John J. | ||
| 245 | 0 | _aSociology / | |
| 245 | 0 | _cJohn J. Macionis. | |
| 250 | _a13th Edition | ||
| 260 | _aSingapore : | ||
| 260 | _bPearson Education South Asia, | ||
| 260 | _c2010 | ||
| 300 | _a720 pages : | ||
| 300 | _billustrations ; | ||
| 300 | _c27 cm. | ||
| 500 | _aIncludes bibliographical references and index. | ||
| 650 | _aSociology. | ||
| 999 |
_c357281 _d357281 |
||